<?xml version="1.0" encoding="UTF-8"?>
<record
    xmlns:xsi="http://www.w3.org/2001/XMLSchema-instance"
    xsi:schemaLocation="http://www.loc.gov/MARC21/slim http://www.loc.gov/standards/marcxml/schema/MARC21slim.xsd"
    xmlns="http://www.loc.gov/MARC21/slim">

  <leader>01687nam0a22003971  4500</leader>
  <controlfield tag="001">v19\rc\1664893</controlfield>
  <controlfield tag="005">20250619052832.0</controlfield>
  <datafield tag="035" ind1=" " ind2=" ">
    <subfield code="a">(NLR Aleph) 004840398</subfield>
  </datafield>
  <datafield tag="090" ind1=" " ind2=" ">
    <subfield code="a">4815862</subfield>
    <subfield code="c">4815862</subfield>
  </datafield>
  <datafield tag="100" ind1=" " ind2=" ">
    <subfield code="a">20061002d1892    |||y0rusy50      ca</subfield>
  </datafield>
  <datafield tag="101" ind1="0" ind2=" ">
    <subfield code="a">rus</subfield>
  </datafield>
  <datafield tag="102" ind1=" " ind2=" ">
    <subfield code="a">RU</subfield>
  </datafield>
  <datafield tag="105" ind1=" " ind2=" ">
    <subfield code="a">b   z   |||||</subfield>
  </datafield>
  <datafield tag="200" ind1="1" ind2=" ">
    <subfield code="a">&#x411;&#x443;&#x434;&#x443;&#x449;&#x430;&#x44F; &#x432;&#x43E;&#x439;&#x43D;&#x430; &#x43F;&#x43E; &#x421;&#x430;&#x440;&#x43C;&#x430;&#x442;&#x438;&#x43A;&#x443;&#x441;&#x443; &#x438; &#x410;&#x43D;&#x442;&#x438;&#x441;&#x430;&#x440;&#x43C;&#x430;&#x442;&#x438;&#x43A;&#x443;&#x441;&#x443; [&#x43F;&#x441;&#x435;&#x432;&#x434;. &#x41F;.&#x410;. &#x413;&#x435;&#x439;&#x441;&#x43C;&#x430;&#x43D;&#x430;]</subfield>
    <subfield code="e">&#x421; &#x43A;&#x430;&#x440;&#x442;. &#x415;&#x432;&#x440;&#x43E;&#x43F;&#x44B; &#x43C;&#x435;&#x436;&#x434;&#x443; &#x43C;&#x435;&#x440;&#x438;&#x434;&#x438;&#x430;&#x43D;&#x430;&#x43C;&#x438; &#x41C;&#x43E;&#x441;&#x43A;&#x432;&#x44B; &#x438; &#x41F;&#x430;&#x440;&#x438;&#x436;&#x430; &#x432; &#x43C;&#x430;&#x441;&#x448;&#x442;&#x430;&#x431;&#x435; 50 &#x432;. &#x432; &#x434;&#x44E;&#x439;&#x43C;&#x435;</subfield>
    <subfield code="f">&#x421;&#x43E;&#x441;&#x442;. &#x41A;&#x430;&#x437;&#x430;&#x43A;</subfield>
  </datafield>
  <datafield tag="210" ind1=" " ind2=" ">
    <subfield code="a">&#x411;&#x440;&#x435;&#x441;&#x442;-&#x41B;&#x438;&#x442;&#x43E;&#x432;&#x441;&#x43A;</subfield>
    <subfield code="c">&#x442;&#x438;&#x43F;&#x43E;-&#x43B;&#x438;&#x442;. &#x410;. &#x420;&#x43E;&#x437;&#x435;&#x43D;&#x442;&#x430;&#x43B;&#x44F;</subfield>
    <subfield code="d">1892</subfield>
  </datafield>
  <datafield tag="215" ind1=" " ind2=" ">
    <subfield code="a">[4], 130 &#x441;., 1 &#x43B;. &#x43A;&#x430;&#x440;&#x442;.</subfield>
    <subfield code="d">26</subfield>
  </datafield>
  <datafield tag="300" ind1=" " ind2=" ">
    <subfield code="a">&#x41F;&#x440;&#x435;&#x434;&#x438;&#x441;&#x43B;.: &#x421;&#x430;&#x440;&#x43C;&#x430;&#x442;&#x438;&#x43A;&#x443;&#x441;</subfield>
  </datafield>
  <datafield tag="320" ind1=" " ind2=" ">
    <subfield code="a">&#x411;&#x438;&#x431;&#x43B;&#x438;&#x43E;&#x433;&#x440;.: "&#x418;&#x441;&#x442;&#x43E;&#x447;&#x43D;&#x438;&#x43A;&#x438;" (&#x432; &#x43D;&#x430;&#x447;&#x430;&#x43B;&#x435; &#x43A;&#x43D;.)</subfield>
  </datafield>
  <datafield tag="702" ind1=" " ind2="1">
    <subfield code="9">z01790</subfield>
    <subfield code="a">&#x413;&#x435;&#x439;&#x441;&#x43C;&#x430;&#x43D;</subfield>
    <subfield code="b">&#x41F;.&#x410;.</subfield>
    <subfield code="f">1853-1919</subfield>
    <subfield code="g">&#x41F;&#x43B;&#x430;&#x442;&#x43E;&#x43D; &#x410;&#x43B;&#x435;&#x43A;&#x441;&#x430;&#x43D;&#x434;&#x440;&#x43E;&#x432;&#x438;&#x447;</subfield>
    <subfield code="4">570</subfield>
  </datafield>
  <datafield tag="702" ind1=" " ind2="1">
    <subfield code="9">z02790</subfield>
    <subfield code="a">&#x41B;&#x438;&#x431;&#x435;&#x440;&#x442;</subfield>
    <subfield code="b">&#x42D;.&#x412;.&#x425;. &#x444;&#x43E;&#x43D;</subfield>
    <subfield code="f">1850-1934</subfield>
    <subfield code="g">&#x42D;&#x434;&#x443;&#x430;&#x440;&#x434; &#x412;&#x438;&#x43B;&#x44C;&#x433;&#x435;&#x43B;&#x44C;&#x43C; &#x425;&#x430;&#x43D;&#x441; &#x444;&#x43E;&#x43D;</subfield>
    <subfield code="4">570</subfield>
  </datafield>
  <datafield tag="702" ind1=" " ind2="1">
    <subfield code="9">z03790</subfield>
    <subfield code="a">&#x413;&#x440;&#x435;&#x43A;&#x43E;&#x432;</subfield>
    <subfield code="b">&#x410;.&#x41C;.</subfield>
    <subfield code="f">1832-</subfield>
    <subfield code="g">&#x410;&#x43B;&#x435;&#x43A;&#x441;&#x430;&#x43D;&#x434;&#x440; &#x41C;&#x430;&#x442;&#x432;&#x435;&#x435;&#x432;&#x438;&#x447;</subfield>
    <subfield code="4">220</subfield>
  </datafield>
  <datafield tag="790" ind1=" " ind2="0">
    <subfield code="9">z01702</subfield>
    <subfield code="a">&#x410;&#x43D;&#x442;&#x438;&#x441;&#x430;&#x440;&#x43C;&#x430;&#x442;&#x438;&#x43A;&#x443;&#x441;</subfield>
    <subfield code="f">1853-1919</subfield>
  </datafield>
  <datafield tag="790" ind1=" " ind2="0">
    <subfield code="9">z02702</subfield>
    <subfield code="a">&#x421;&#x430;&#x440;&#x43C;&#x430;&#x442;&#x438;&#x43A;&#x443;&#x441;</subfield>
    <subfield code="f">1850-1934</subfield>
  </datafield>
  <datafield tag="790" ind1=" " ind2="0">
    <subfield code="9">z03702</subfield>
    <subfield code="a">&#x41A;&#x430;&#x437;&#x430;&#x43A;</subfield>
    <subfield code="f">1832-</subfield>
  </datafield>
  <datafield tag="801" ind1=" " ind2="0">
    <subfield code="a">RU</subfield>
    <subfield code="b">NLR</subfield>
    <subfield code="g">psbo</subfield>
  </datafield>
  <datafield tag="801" ind1=" " ind2="0">
    <subfield code="a">RU</subfield>
    <subfield code="b">RuMoRGB</subfield>
    <subfield code="2">psbo</subfield>
  </datafield>
  <datafield tag="801" ind1=" " ind2="1">
    <subfield code="a">RU</subfield>
    <subfield code="b">ProSoft-M</subfield>
    <subfield code="2">rusmarc</subfield>
  </datafield>
  <datafield tag="852" ind1=" " ind2=" ">
    <subfield code="a">NLR</subfield>
    <subfield code="j">18.134.2.199</subfield>
  </datafield>
  <datafield tag="852" ind1=" " ind2=" ">
    <subfield code="a">NLR</subfield>
    <subfield code="j">127/1104</subfield>
  </datafield>
  <datafield tag="899" ind1=" " ind2=" ">
    <subfield code="a">RuMoRGB</subfield>
    <subfield code="j">&#x394; 16/60</subfield>
  </datafield>
  <datafield tag="899" ind1=" " ind2=" ">
    <subfield code="a">RuMoRGB</subfield>
    <subfield code="j">A 207/226</subfield>
  </datafield>
  <datafield tag="899" ind1=" " ind2=" ">
    <subfield code="a">RuMoRGB</subfield>
    <subfield code="j">U 411/264</subfield>
  </datafield>
  <datafield tag="899" ind1=" " ind2=" ">
    <subfield code="a">&#x411;&#x410;&#x41D;</subfield>
  </datafield>
  <datafield tag="899" ind1=" " ind2=" ">
    <subfield code="a">&#x413;&#x41F;&#x418;&#x411;</subfield>
  </datafield>
  <datafield tag="942" ind1=" " ind2=" ">
    <subfield code="c">BOOK</subfield>
  </datafield>
  <datafield tag="980" ind1=" " ind2=" ">
    <subfield code="a">NB</subfield>
  </datafield>
  <datafield tag="995" ind1=" " ind2=" ">
    <subfield code="5">2013-10-26</subfield>
    <subfield code="b">NLR02</subfield>
    <subfield code="c">NLR02</subfield>
    <subfield code="e">RFS</subfield>
    <subfield code="f">4840398-10</subfield>
    <subfield code="k">18.134.2.199</subfield>
    <subfield code="o">0</subfield>
    <subfield code="r">BOOK</subfield>
    <subfield code="s">181342199_</subfield>
  </datafield>
  <datafield tag="995" ind1=" " ind2=" ">
    <subfield code="5">2013-10-26</subfield>
    <subfield code="b">NLR02</subfield>
    <subfield code="c">NLR02</subfield>
    <subfield code="e">RFS</subfield>
    <subfield code="f">4840398-20</subfield>
    <subfield code="k">127/1104</subfield>
    <subfield code="o">0</subfield>
    <subfield code="r">BOOK</subfield>
    <subfield code="s">1271104_</subfield>
  </datafield>
  <datafield tag="995" ind1=" " ind2=" ">
    <subfield code="5">2013-10-26</subfield>
    <subfield code="b">NLR01</subfield>
    <subfield code="c">NLR01</subfield>
    <subfield code="e">TEMP</subfield>
    <subfield code="f">4840398-60</subfield>
    <subfield code="o">0</subfield>
    <subfield code="r">BOOK</subfield>
  </datafield>
  <datafield tag="995" ind1=" " ind2=" ">
    <subfield code="5">2013-10-26</subfield>
    <subfield code="b">NLR01</subfield>
    <subfield code="c">NLR01</subfield>
    <subfield code="e">TEMP</subfield>
    <subfield code="f">4840398-70</subfield>
    <subfield code="o">0</subfield>
    <subfield code="r">BOOK</subfield>
  </datafield>
</record>
